Inmunología molecular, celular y traslacional /

Сохранить в:
Библиографические подробности
Главный автор: Pavón Romero, Lenin
Соавтор: Ovid Technologies, Inc
Другие авторы: Jiménez Martinez, María C., Garcés. Alvarez, María Eugenia
Формат: Электронный ресурс eКнига
Язык:испанский
Опубликовано: Philadelphia : Wolters Kluwer, 2016.
Редактирование:1. ed.
Предметы:
Online-ссылка:Authentication may be required:
Метки: Добавить метку
Нет меток, Требуется 1-ая метка записи!

MARC

LEADER 00000nam a2200000 a 4500
001 E000000258
003 UtOrBLW
005 20200317143229.0
006 m d
007 cr
008 200317s2016 paua s 001 0 spa d
020 |a 9788416004867 
035 |a (UtOrBLW)bslw09850291 
040 |a UtOrBLW 
050 4 |a QR181  |b .P38 2016 
060 4 |a QW 504  |b P3391i 2016 
100 1 |a Pavón Romero, Lenin. 
245 1 0 |a Inmunología  |h [electronic resource] :  |b molecular, celular y traslacional /  |c Dr. Lenin Pavón Romero, Doctor en Ciencias con especialidad en Inmunología, Miembro del Sistema Nacional de Investigadores Nivel III, Investigador en Ciencas Médicas "E", Jefe y fundador del Laboratorio de Psicoinmunologia, Dirección de investigaciones en Neurociencias, Instituto Nacional de Psiguiatria "Ramón de la Fuente Muñiz", Dra. María C. Jiménez Martínez, Doctora en Ciencias con especialidad en immunologia, Jefe def Departamento de Inmunologia, Unidad Periférica de Investigación UNAM-Instituto de Oftalmologia "Fundación Conde de Valenciana" Sistema Nacional de Investigadores Nivel II, Q.F.B. María Eugenia Garcés Alvarez, Departamento de Psicoinmunologia, Instituto Nacional de Psiquiatria. 
250 |a 1. ed. 
260 |a Philadelphia :  |b Wolters Kluwer,  |c 2016. 
300 |a 712 p. :  |b col. ill. ;  |c cm 
500 |a Includes index. 
533 |a Electronic reproduction.  |b New York, N.Y. :  |c Ovid Technologies, Inc.  |n Available via World Wide Web. 
650 1 2 |a Immune System 
650 0 |a Immunology. 
700 1 |a Jiménez Martinez, María C. 
700 1 |a Garcés. Alvarez, María Eugenia. 
710 2 |a Ovid Technologies, Inc. 
856 4 0 |a E-Books (Ovid)  |z Authentication may be required:  |u http://ovides.unach.elogim.com/Pages/book.aspx?isbn=9788416004867&XPATH=/PG(0)